Twilight of government of laws
Elmentve itt :
| Szerző: | |
|---|---|
| Dokumentumtípus: | Cikk |
| Megjelent: |
1968
|
| Sorozat: | Kolligátum
|
| Kulcsszavak: | Jogtudomány, Államelmélet, Kormányzati rendszer |
| Online Access: | http://misc.bibl.u-szeged.hu/22417 |
| LEADER | 00557nab a2200169 i 4500 | ||
|---|---|---|---|
| 001 | misc22417 | ||
| 005 | 20191111110332.0 | ||
| 008 | 170822s1968 hu o 0|| zxx d | ||
| 040 | |a SZTE Miscellanea Repozitórium |b hun | ||
| 041 | |a zxx | ||
| 100 | 1 | |a Horváth Barna | |
| 245 | 1 | 0 | |a Twilight of government of laws |h [elektronikus dokumentum] / |c Horváth Barna |
| 260 | |c 1968 | ||
| 300 | |a 1-26 | ||
| 490 | 0 | |a Kolligátum | |
| 695 | |a Jogtudomány, Államelmélet, Kormányzati rendszer | ||
| 856 | 4 | 0 | |u http://misc.bibl.u-szeged.hu/22417/1/10053_001-026.pdf |z Dokumentum-elérés |